000 00534nam a2200217Ia 4500
003 OSt
005 20241101050222.0
008 240925s9999 xx 000 0 und d
020 _a9971511460
040 _csd
082 _a621.39 SHA
100 _aShanmugam ,Sam K .
245 0 _aDigital and Analog Communication Systems
250 _aNA
260 _aNew York:
_bJohn Wiley & Sons
_c,1994.
300 _a576p.
_bNA
_fPhotocopy
500 _aNA
600 _aElectrical Engineering
650 _aTechnology
942 _cBK
_2ddc
999 _c8340
_d8340